000 00291nam a2200145Ia 4500
100 _aDeva/Rahul
650 _aAI
942 _cBK
245 _aArtificial intelligence:rational approach
260 _bOreilly
_c2014
082 _bDEV
300 _a395
546 _aENGLISH
999 _c22197
_d22197